=LDR 00000nam 2200000 4500 =001 001159 =005 20250710114324 =035 ##$$a 0010-0725000038 =007 ta =008 250710################a##########0#ind## =020 ##$$a 978-602-244-272-1 =100 #$$a Tyas =245 1#$$a ABDUL DAN HARIMAU /$c Tyas Widjati =250 ##$$a Cetakan Pertama =260 ##$$a Tanggerang :$b Pusat Perbukuan,$c 2019 =300 ##$$a 48 halaman : $b Ilis. ; $c 30 =700 #$$a Dinni